Statistics for Saturday Stumper #22

Click here to take the quiz!

General Stats

  • This quiz has been taken 1,143 times
  • The average score is 18 of 24

Answer Stats

HintAnswer% Correct
rvousNervous
97%
njoBanjo
96%
fficTraffic
95%
urchChurch
93%
scleMuscle
88%
shalMarshal
85%
usinCousin
84%
ezzleEmbezzle
84%
vacyPrivacy
82%
ytheScythe
82%
arrowSparrow
82%
stolPistol
81%
rtzQuartz
81%
sacreMassacre
79%
rcleCircle
75%
oadBroad
74%
afeChafe
65%
uarJaguar
65%
maxClimax
62%
emianBohemian
56%
xomBuxom
56%
andaryQuandary
47%
nstAgainst
35%
stureMoisture
31%

Score Distribution

Percentile by Number Answered

Percent of People with Each Score

Your Score History

You have not taken this quiz